Statistics for Infamous Tumblr Posts

Click here to take the quiz!

General Stats

  • This quiz has been taken 20 times
  • The average score is 8 of 20

Answer Stats

HintAnswer% Correct
The tumblr convention that went horribly wrongDashcon
80%
Phrase in which if the user is also on tumblr they must respond with "Thanks I stole them from the president"I like your shoelaces
73%
A annual event where most users post pictures of the actor that plays Castiel in supernaturalMishapocalypse
67%
A themed education establishment that tumblr users attendTumblr university
67%
Story of a assault committed by teens getting off a bus with a particular hatred for cisgender people
Down with cis bus
53%
Gangnam style performed by a homeless manOppa homeless style
53%
A Hamilton fan draws this titular founding father in a vocaloid themed binderMiku binder Thomas Jefferson
47%
A picture of a fox being blown in the wind is given this beautiful captionWimdy
47%
A man called Jory has 3 partners with a passion for marijuana3 Weed smoking girlfriends
40%
The curse of the longform post detailing the colours of the skyDo you love the colour of the sky?
40%
A hack where you could cut chocolate a certain way and recieve a endless supplyInfinite Chocolate
40%
Using the old feature of post edit, this famous youtuber/author is forced to monolouge about a particuar reproductive organJohn Green cock monolouge
33%
A teen is obessed with contracting rabiesRabidloving/Rabies pride
33%
A fake disease where a person has purple eyes and no period/body hairAlexandria's genesis
27%
A user posts a severed body part to another user in hopes of getting it made into jewellerySevered toe incident
27%
A group of users try on different hats and feel the effectsThe Fedora/Hat post
27%
A Voltron fan sends this type of cupcake to the shows creatorsBroken glass cupcakes
20%
Users were worried about their favourite youtuber being a target of gang violenceMarkiplier and the LA gangs
20%
An asexual user orders a glass of warm milk at Starbucks and is called this slur by a fellow customerAceggot
13%
Sherlock tries to order a pizza and ends up calling a highschoolerBenedict Cumberbatch orders a class pizza
13%

Score Distribution

Percentile by Number Answered

Percent of People with Each Score

Your Score History

You have not taken this quiz